| 000 | 00434nam a2200157 i 4500 | ||
|---|---|---|---|
| 001 | 147130 | ||
| 003 | ES-MaACL | ||
| 005 | 20230906201819.0 | ||
| 007 | t| | ||
| 008 | 070921s1966 xxu ||||1| eng d | ||
| 100 | 1 |
_aTwain, Mark. _9111791 |
|
| 245 | 1 | 0 |
_aLife on the Mississippi / _cMark Twain. |
| 260 |
_aNew York : _bHarper and Row, _c[1966] ( _fs.i.) |
||
| 300 |
_aXVII, 364 p. ; _c18 cm. |
||
| 852 |
_aES-MaACL _jC-34804 _bR.66073 |
||
| 999 |
_c147130 _d147130 |
||